000 00611nam a2200217Ia 4500
003 GCL
008 140319s9999 xx 000 0 ara d
040 _aGCL /
_cGCL
082 0 4 _a615.8
_bع ر
100 1 _aعلى البيك
245 1 0 _aراحة الرياضى /
_cعلى البيك
700 1 _aهشام مهيب
700 1 _aعلاء عليوة
260 _a[S.N] :
_bمنشاة المعارف الاسلامية ،
_c1994
300 _a192 ص
490 _a
650 0 4 _aالصحة العامة
650 0 4 _aالرياضيون
650 0 4 _aالعلاج الطبيعى
942 _2ddc
_cBK
999 _c32966
_d32966